| 000 | 00953nam a2200265 u 4500 | ||
|---|---|---|---|
| 005 | 20210223132946.0 | ||
| 008 | 160601s2011 es r 000 0 spa d | ||
| 020 | _a9788466795326 | ||
| 035 | _aUPN01000210989 | ||
| 049 | _aI | ||
| 050 | 4 |
_aPZ49.63 _bK5.3 |
|
| 100 | 1 |
_aKitamura, Satoshi, _d1956- _933149 |
|
| 245 | 1 | 0 |
_aCuando los borregos no pueden dormir = _bWhen sheep cannot sleep / _cSatoshi Kitamura. |
| 260 |
_aMadrid : _bAnaya, _c2011. |
||
| 300 |
_a28 p. : _bil. col. + _e1 CD-ROM ; 4 3/4 plg. |
||
| 440 | 0 |
_aWe read, Leemos. _pEn inglés y castellano |
|
| 500 | _aTexto en español e inglés | ||
| 500 | _a1 CD- ROM ; 4 3/4 plg. Solicitalo en el mostrador de préstamo | ||
| 534 |
_pTitulo original : _tWhen sheep cannot sleep : the counting book |
||
| 650 | 4 |
_aCUENTOS INFANTILES JAPONESES _98590 |
|
| 650 | 4 |
_aBORREGOS - _vCUENTOS Y LEYENDAS _924895 |
|
| 740 | 0 | _aWhen sheep cannot sleep | |
| 905 | _aInfantil | ||
| 999 |
_c183090 _d183090 |
||